TENWEK HOSP HOME | SOC  | ASK A LIBRARIANSTAFF LOGIN  |  DIGITAL REPOSITORYe-BOOK PORTAL  |  OFF-CAMPUS PORTAL  |  DONATE
Normal view MARC view

Entry Personal Name

Number of records used in: 1

001 - CONTROL NUMBER

  • control field: 451

003 - CONTROL NUMBER IDENTIFIER

  • control field: Ke-BoTe

005 - DATE AND TIME OF LATEST TRANSACTION

  • control field: 20211105120338.0

008 - FIXED-LENGTH DATA ELEMENTS

  • fixed length control field: 211105|| aca||aabn | a|a d

040 ## - CATALOGING SOURCE

  • Original cataloging agency: Ke-BoTe
  • Transcribing agency: Ke-BoTe

100 ## - HEADING--PERSONAL NAME

  • Personal name: Hofmann, J. Chr. K. von
  • Fuller form of name: (Johann Christian Konrad),
  • Dates associated with a name: 1810-1877

670 ## - SOURCE DATA FOUND

  • Source citation: Work cat.: (Ke-BoTe)146: Hofmann, J. Chr. K. von (Johann Christian Konrad), 1810-1877., Interpreting the Bible., [1959]